Normal view
MARC view
Entry Personal Name
001 - CONTROL NUMBER
- control field: 37272
003 - CONTROL NUMBER IDENTIFIER
- control field: dpl
005 - DATE AND TIME OF LATEST TRANSACTION
- control field: 20111221112212.0
008 - FIXED-LENGTH DATA ELEMENTS
- fixed length control field: 111221|||a|||||| | ||| d
040 ## - CATALOGING SOURCE
- Original cataloging agency: dpl
- Transcribing agency: dpl
100 ## - HEADING--PERSONAL NAME
- Personal name: ठाकुर, रवीन्द्रनाथ
670 ## - SOURCE DATA FOUND
- Source citation: Work cat.: (dpl)50123: ठाकुर, रवीन्द्रनाथ, लम्बी कहानियाँ /, 2011
670 ## - SOURCE DATA FOUND
- Source citation: Work cat.: (dpl)50123: ठाकुर, रवीन्द्रनाथ, लम्बी कहानियाँ /, 2011
